Major management practices in Japan and Bangladesh: a brief analytic comparison (Record no. 52952)

000 -LEADER
fixed length control field 00388pab a2200133 454500
008 - FIXED-LENGTH DATA ELEMENTS--GENERAL INFORMATION
fixed length control field 180718b2000 xxu||||| |||| 00| 0 eng d
100 ## - MAIN ENTRY--PERSONAL NAME
Personal name Ahmed, Nasim
245 ## - TITLE STATEMENT
Title Major management practices in Japan and Bangladesh: a brief analytic comparison
260 ## - PUBLICATION, DISTRIBUTION, ETC.
Date of publication, distribution, etc. 2000
300 ## - PHYSICAL DESCRIPTION
Extent p.99-118.
650 ## - SUBJECT ADDED ENTRY--TOPICAL TERM
Topical term or geographic name entry element Management
773 ## - HOST ITEM ENTRY
Main entry heading Bangladesh Journal of Public Administration
909 ## -
-- 52952
Holdings
Withdrawn status Lost status Damaged status Not for loan Permanent Location Current Location Date acquired Serial Enumeration / chronology Barcode Date last seen Price effective from Koha item type
        Indian Institute of Public Administration Indian Institute of Public Administration 2018-07-19 Volume no: 9, Issue no: 1-2, AR53382 2018-07-19 2018-07-19 Articles

Powered by Koha